LEADER 01630nam 2200409 450 001 9910716620103321 005 20210914131453.0 035 $a(CKB)5470000002523968 035 $a(OCoLC)1261318351 035 $a(EXLCZ)995470000002523968 100 $a20210723d2020 ua 0 101 0 $aeng 135 $aur||||||||||| 181 $ctxt$2rdacontent 182 $cc$2rdamedia 183 $acr$2rdacarrier 200 10$aGeochemical and mineralogical study of the red mountain porphyry copper-molybdenum deposit and vicinity, Santa Cruz County, Arizona /$fby Maurice A. Chaffee 210 1$aReston, Virginia :$cU.S. Department of the Interior, U.S. Geological Survey,$d2020. 215 $a1 online resource (x, 164 pages) $ccolor illustrations, color maps 225 1 $aScientific investigations report,$x2328-0328 ;$v2019-5077 320 $aIncludes bibliographical references (pages 159-164). 606 $aGeochemistry$zArizona$zPatagonia Mountains 606 $aPorphyry$zArizona$zPatagonia Mountains 606 $aMineralogical chemistry$zArizona$zPatagonia Mountains 606 $aMinerals$zArizona$zPatagonia Mountains$xAnalysis 615 0$aGeochemistry 615 0$aPorphyry 615 0$aMineralogical chemistry 615 0$aMinerals$xAnalysis. 700 $aChaffee$b Maurice A.$01396256 712 02$aGeological Survey (U.S.), 801 0$bGPO 801 1$bGPO 906 $aBOOK 912 $a9910716620103321 996 $aGeochemical and mineralogical study of the red mountain porphyry copper-molybdenum deposit and vicinity, Santa Cruz County, Arizona$93510950 997 $aUNINA